| 000 | 00416nam a2200145Ia 4500 | ||
|---|---|---|---|
| 008 | 231129s1992||||xx |||||||||||||| ||spa|| | ||
| 020 | _a84-375-0318-3 | ||
| 040 | _bspa | ||
| 082 | _a192 B515c | ||
| 100 | _aBerlin Isaiah | ||
| 245 | 0 | _aContra la corriente: ensayos sobre la historia de las ideas | |
| 260 | _c1992 | ||
| 264 | _aFondo de Cultura Económica | ||
| 942 |
_2ddc _cBKS |
||
| 999 |
_c8046 _d8046 |
||